000 00508nmm a2200157Ia 4500
008 251105s9999||||xx |||||||||||||||||und||
020 _a9788431527600
041 _aspa
100 _aMario, Domenico
245 0 _aLos caballos de silla. Las razas morfología y aptitudes
264 _a[Madrid, España] :
_bDe Vecchi,
_c[Fecha de publicación no identificada]
300 _a0 páginas
650 _aBiology and natural sciences
856 _uhttps://public.digitaliapublishing.com/a/120991
942 _cCF
999 _c81149
_d81149